[Event "Asia-ch U20 (girls)"]
[Site "Chennai IND"]
[Date "2008.12.11"]
[Round "6"]
[White "Uthra, P"]
[Black "Meenu, Rajendran"]
[Result "1-0"]
[WhiteElo "2114"]
[BlackElo "1977"]
[EventDate "2008.12.05"]
[PlyCount "153"]

1.d4 Nf6 2.c4 e6 3.Nf3 b6 4.g3 Bb4+ 5.Bd2 Bxd2+ 6.Qxd2 Ba6 7.Qc2 O-O 8.Bg2
Bb7 9.Nc3 c5 10.d5 exd5 11.Nh4 Nc6 12.cxd5 Nd4 13.Qd3 a5 14.O-O Ba6 15.Qd2
b5 16.Rfe1 b4 17.Na4 b3 18.Nxc5 Nc2 19.Nxb3 Nxa1 20.Nxa1 d6 21.e4 Rb8 22.
Nf5 Bc8 23.Nd4 Qb6 24.b3 Bd7 25.Nac2 Rfe8 26.f4 Qc5 27.Kh1 Rbc8 28.a3 Qc3 
29.Qxc3 Rxc3 30.e5 dxe5 31.fxe5 Ng4 32.e6 fxe6 33.dxe6 Bxe6 34.Rxe6 Rxe6 
35.Bd5 Ne3 36.Bxe6+ Kf8 37.Nxe3 Rxe3 38.Bc4 Ke8 39.Bb5+ Kf8 40.Kg2 Rc3 41.
a4 Rc8 42.Nc6 Ra8 43.b4 axb4 44.Nxb4 Ke7 45.a5 Kd6 46.Nc6 Kc5 47.Ba4 Kd6 
48.Kf3 Kc5 49.Kg4 Kd6 50.Bd1 Ra6 51.Bf3 Ke6 52.Nd4+ Kf6 53.Nb3 Ke5 54.Be2 
Ra7 55.a6 Rc7 56.Na5 Kd6 57.Bf3 Kc5 58.Nc6 Kb6 59.a7 Rc8 60.Kf5 Rf8+ 61.
Ke6 Kb7 62.Bd5 Rf2 63.h4 Rf6+ 64.Ke7 Rf2 65.g4 Rf4 66.h5 Rf2 67.Ne5+ Kxa7 
68.Bf3 Rc2 69.Kf7 Rc7+ 70.Kg8 h6 71.Nf7 Rc3 72.Be4 Kb6 73.Kxg7 Kc7 74.Nxh6
Kd7 75.Nf7 Rg3 76.Bf5+ Ke7 77.h6 1-0

[Event "Asia-ch U20 (girls)"]
[Site "Chennai IND"]
[Date "2008.12.12"]
[Round "7"]
[White "Aparajita, Gochhikar"]
[Black "Preethi, Rajkumar"]
[Result "0-1"]
[WhiteElo "1918"]
[BlackElo "2156"]
[EventDate "2008.12.05"]
[PlyCount "56"]

1.e4 c5 2.c3 Nf6 3.e5 Nd5 4.d4 cxd4 5.Qxd4 e6 6.Nf3 Nc6 7.Qe4 f5 8.Qe2 Qc7
9.g3 Nde7 10.Nbd2 Ng6 11.Nc4 b5 12.Nd6+ Bxd6 13.exd6 Qxd6 14.Qxb5 Rb8 15.
Qe2 Nce7 16.Be3 a5 17.b3 Bb7 18.Bg2 O-O 19.O-O f4 20.Bd2 Qc5 21.gxf4 Nd5 
22.Ne1 Ndxf4 23.Qe3 Qg5 24.f3 Nh4 25.Rf2 Nh3+ 26.Kh1 Qxe3 27.Bxe3 Nxf2+ 
28.Bxf2 Nxf3 0-1

[Event "Asia-ch U20 (girls)"]
[Site "Chennai IND"]
[Date "2008.12.12"]
[Round "7"]
[White "Bharathi, R"]
[Black "Gagare, Shalmali"]
[Result "0-1"]
[WhiteElo "2031"]
[BlackElo "2110"]
[EventDate "2008.12.05"]
[PlyCount "109"]

1.e4 d6 2.d4 Nf6 3.Nc3 g6 4.f4 Bg7 5.Nf3 O-O 6.Be2 c5 7.O-O cxd4 8.Nxd4 
Qb6 9.Be3 Nc6 10.e5 dxe5 11.fxe5 Nxe5 12.Nf5 Qc7 13.Nb5 Qd7 14.Qxd7 Bxd7 
15.Nxe7+ Kh8 16.Nc7 Rad8 17.Bg5 Ne4 18.Be3 Bg4 19.Bf3 Bxf3 20.gxf3 Nd2 21.
Bxd2 Rxd2 22.Rf2 Rfd8 23.Re1 R2d7 24.Ncd5 Rxd5 25.Nxd5 Rxd5 26.f4 Nd7 27.
Re8+ Bf8 28.c4 Rd4 29.f5 Kg7 30.fxg6 hxg6 31.Rc2 Bc5 32.Kg2 b6 33.Rd8 a5 
34.b3 Ne5 35.Rxd4 Bxd4 36.Rd2 Bc5 37.Kg3 f5 38.Kf4 Kf6 39.h4 Nc6 40.Rd5 
Nd4 41.Rd7 Ne6+ 42.Kf3 g5 43.hxg5+ Nxg5+ 44.Kf4 Ne6+ 45.Kf3 Kg5 46.Rd5 Kh4
47.Rd1 f4 48.Rd5 Be3 49.Rd7 Ng5+ 50.Ke2 Kg4 51.Rg7 Bc5 52.Rg8 f3+ 53.Kf1 
Kf4 54.Rg6 Ne4 55.Rg8 0-1

[Event "Asia-ch U20 (girls)"]
[Site "Chennai IND"]
[Date "2008.12.12"]
[Round "7"]
[White "Bhuvaneshwari, R"]
[Black "Dharani, Sree R"]
[Result "1/2-1/2"]
[WhiteElo "1650"]
[BlackElo "1733"]
[EventDate "2008.12.05"]
[PlyCount "127"]

1.e4 c5 2.d4 cxd4 3.c3 Nc6 4.Nf3 e6 5.cxd4 d6 6.Nc3 Be7 7.Bc4 Nf6 8.O-O 
O-O 9.h3 d5 10.exd5 exd5 11.Bd3 h6 12.Bf4 a6 13.Rc1 Be6 14.Bb1 Rc8 15.a3 
Bd6 16.Ne5 Ne7 17.Qf3 Nf5 18.Bxf5 Bxf5 19.Bxh6 gxh6 20.Qxf5 Bxe5 21.dxe5 
Nh7 22.Rcd1 Qg5 23.Qxg5+ Nxg5 24.Nxd5 Rc2 25.Nf6+ Kg7 26.h4 Ne6 27.b4 Rc3 
28.a4 Rc4 29.h5 Rxb4 30.a5 Rb5 31.Rd5 Rxd5 32.Nxd5 Rd8 33.Nf6 Nd4 34.Rb1 
Nc6 35.Rxb7 Nxe5 36.Rb6 Nc4 37.Rxa6 Nxa5 38.Rxa5 Kxf6 39.g4 Rd4 40.f3 Rd2 
41.Rf5+ Kg7 42.Kf1 Rh2 43.Re5 Ra2 44.Re2 Ra5 45.Kf2 Kf6 46.Kg3 Ra4 47.Re4 
Ra5 48.Kf4 Rc5 49.Rb4 Ra5 50.Rb6+ Kg7 51.Ke4 Ra4+ 52.Ke3 Ra3+ 53.Kf4 Ra4+ 
54.Kg3 Ra3 55.Rd6 Rc3 56.Rd4 Kf6 57.Kf4 Rc5 58.Ke4 Rc1 59.Rd6+ Kg7 60.Rd5 
Rc4+ 61.Rd4 Rc1 62.Ke5 Rc5+ 63.Rd5 Rc1 64.Kf5 1/2-1/2

[Event "Asia-ch U20 (girls)"]
[Site "Chennai IND"]
[Date "2008.12.12"]
[Round "7"]
[White "Gomes, Mary Ann"]
[Black "Bhakti, Kulkarni"]
[Result "1-0"]
[WhiteElo "2298"]
[BlackElo "2163"]
[EventDate "2008.12.05"]
[PlyCount "117"]

1.Nf3 d5 2.c4 c6 3.g3 Nf6 4.b3 Bf5 5.Bg2 e6 6.O-O Be7 7.Bb2 O-O 8.d3 h6 9.
Nbd2 Nbd7 10.a3 a5 11.Re1 Bh7 12.e4 dxe4 13.dxe4 Qb6 14.e5 Ng4 15.Rf1 Bd3 
16.h3 Bxf1 17.Qxf1 f5 18.Bd4 Bc5 19.Bxc5 Qxc5 20.hxg4 fxg4 21.Ne4 Qe7 22.
Nh2 Nxe5 23.Qe2 h5 24.c5 Nd7 25.Rc1 Nf6 26.Nd6 Nd5 27.Re1 Rf6 28.Qe5 g6 
29.Nxb7 Raf8 30.Nd6 Rxf2 31.Be4 Qf6 32.Qxf6 R2xf6 33.Nc4 Nc3 34.Bd3 a4 35.
b4 Nb5 36.Ne5 Nd4 37.Nd7 Nf3+ 38.Nxf3 Rxf3 39.Nxf8 Rxg3+ 40.Kh2 Rxd3 41.
Nxg6 Rxa3 42.b5 Rc3 43.b6 Rb3 44.Ne7+ Kg7 45.Nxc6 a3 46.Nd4 Rb2+ 47.Kg3 a2
48.Ra1 Kf6 49.c6 Ke7 50.c7 Kd7 51.Rc1 h4+ 52.Kxh4 Kc8 53.Nc6 Rh2+ 54.Kg5 
Rh8 55.Ne7+ Kb7 56.c8=Q+ Rxc8 57.Nxc8 a1=Q 58.Rxa1 Kxc8 59.Kxg4 1-0

[Event "Asia-ch U20 (girls)"]
[Site "Chennai IND"]
[Date "2008.12.12"]
[Round "7"]
[White "Kiran, Manisha Mohanty"]
[Black "Michelle, Catherina P"]
[Result "1-0"]
[WhiteElo "2261"]
[BlackElo "1713"]
[EventDate "2008.12.05"]
[PlyCount "67"]

1.e4 e5 2.Nf3 Nc6 3.Bb5 a6 4.Bxc6 dxc6 5.O-O f6 6.d4 Bg4 7.dxe5 Qxd1 8.
Rxd1 fxe5 9.Rd3 Bd6 10.Nbd2 Nf6 11.Nc4 Nxe4 12.Nfxe5 Bf5 13.g4 Nc5 14.Rxd6
cxd6 15.Nxd6+ Ke7 16.Nxf5+ Ke6 17.Be3 Ne4 18.Nd3 g6 19.Nd4+ Kf7 20.f3 Nf6 
21.Ne5+ Kf8 22.Bg5 Nd5 23.c4 Nc7 24.Rd1 Re8 25.f4 a5 26.Ndf3 Ne6 27.Bh6+ 
Kg8 28.Rd7 Rd8 29.Re7 Nc5 30.Rg7+ Kf8 31.Rxh7+ Kg8 32.Rg7+ Kf8 33.Nxg6+ 
Ke8 34.Re7# 1-0

[Event "Asia-ch U20 (girls)"]
[Site "Chennai IND"]
[Date "2008.12.12"]
[Round "7"]
[White "Meenu, Rajendran"]
[Black "Harini, S"]
[Result "0-1"]
[WhiteElo "1977"]
[BlackElo "2001"]
[EventDate "2008.12.05"]
[PlyCount "90"]

1.e4 c5 2.Nc3 Nc6 3.f4 e6 4.Nf3 a6 5.a4 Nf6 6.e5 Nd5 7.Nxd5 exd5 8.Be2 Be7
9.O-O O-O 10.d4 d6 11.c3 cxd4 12.cxd4 Qb6 13.Kh1 Bf5 14.Bd3 Be4 15.exd6 
Bxd6 16.Bxe4 dxe4 17.Ng5 Rae8 18.Be3 Nb4 19.Qb3 Qa5 20.Bd2 Qd5 21.Qxd5 
Nxd5 22.Rae1 e3 23.Bc1 e2 24.Rf2 Bb4 25.Rexe2 Rxe2 26.Rxe2 Rc8 27.g3 Rxc1+
28.Kg2 g6 29.Kf3 h6 30.Ne4 Rc4 31.Nc5 Bxc5 32.dxc5 Rxc5 33.Ke4 Nf6+ 34.Kd4
Rc7 35.b3 Kf8 36.a5 Re7 37.Rb2 Ke8 38.Kc5 Kd7 39.Kb6 Kd6 40.Rd2+ Nd5+ 41.
Ka7 Kc6 42.Rd4 b6+ 43.Ka8 bxa5 44.Rc4+ Kb6 45.Rc8 Ra7+ 0-1

[Event "Asia-ch U20 (girls)"]
[Site "Chennai IND"]
[Date "2008.12.12"]
[Round "7"]
[White "Mohana, Priya J"]
[Black "Raghavi, Nagarajan"]
[Result "0-1"]
[WhiteElo "2073"]
[BlackElo "2099"]
[EventDate "2008.12.05"]
[PlyCount "56"]

1.d4 d5 2.c4 e6 3.Nf3 Nf6 4.Nc3 Be7 5.Bg5 h6 6.Bh4 O-O 7.e3 b6 8.Qc2 Bb7 
9.Bxf6 Bxf6 10.cxd5 exd5 11.O-O-O a5 12.g4 Bc8 13.Rg1 c6 14.h4 Bxh4 15.
Nxh4 Qxh4 16.g5 h5 17.f3 Na6 18.Qg2 f6 19.gxf6 Qxf6 20.Bd3 Ra7 21.Rdf1 Bf5
22.e4 Bh7 23.Qh3 Qxd4 24.Qe6+ Kh8 25.Bxa6 Rxa6 26.Qxc6 dxe4 27.Qb7 exf3 
28.Qxa6 Qe3+ 0-1

[Event "Asia-ch U20 (girls)"]
[Site "Chennai IND"]
[Date "2008.12.12"]
[Round "7"]
[White "Padmini, Rout"]
[Black "Nadig, Kruttika"]
[Result "0-1"]
[WhiteElo "2235"]
[BlackElo "2387"]
[EventDate "2008.12.05"]
[PlyCount "82"]

1.e4 c5 2.Nf3 d6 3.d4 Nf6 4.Nc3 cxd4 5.Nxd4 g6 6.Be3 Bg7 7.f3 Nc6 8.Qd2 
O-O 9.Bc4 Bd7 10.O-O-O Rc8 11.Bb3 Ne5 12.Kb1 a6 13.h4 h5 14.Bh6 Nc4 15.
Bxc4 Rxc4 16.Bxg7 Kxg7 17.g4 hxg4 18.h5 Rh8 19.hxg6 fxg6 20.fxg4 Bxg4 21.
e5 dxe5 22.Ne6+ Bxe6 23.Qxd8 Rxd8 24.Rxd8 g5 25.Re1 e4 26.Kc1 Bg4 27.Rb8 
b5 28.Ra8 b4 29.Ne2 Rc6 30.Rb8 Kg6 31.Rxb4 Bxe2 32.Rxe2 Kf5 33.Rb7 Re6 34.
c4 Kf4 35.b4 Kf3 36.Kd1 e3 37.Rb8 Re4 38.Rc8 Rd4+ 39.Ke1 Rh4 40.Kd1 Rh1+ 
41.Re1 e2+ 0-1

[Event "Asia-ch U20 (girls)"]
[Site "Chennai IND"]
[Date "2008.12.12"]
[Round "7"]
[White "Shristi, J Shetty"]
[Black "Janu, V"]
[Result "1-0"]
[WhiteElo "1959"]
[BlackElo "1768"]
[EventDate "2008.12.05"]
[PlyCount "95"]

1.e4 e5 2.Nf3 Nc6 3.Bb5 Nf6 4.O-O Nxe4 5.Re1 Nd6 6.Bxc6 dxc6 7.Nxe5 Be7 8.
Qe2 O-O 9.Nxc6 bxc6 10.Qxe7 Be6 11.Qxd8 Raxd8 12.Nc3 Nf5 13.Ne2 Rfe8 14.d3
Bd5 15.Bd2 f6 16.f3 Rb8 17.b3 Re7 18.Kf2 c5 19.Ng3 Rxe1 20.Rxe1 Nxg3 21.
Kxg3 Kf7 22.Be3 Re8 23.Kf2 a6 24.Bxc5 Rxe1 25.Kxe1 Ke8 26.Kd2 Kd7 27.c4 
Bf7 28.Kc3 Kc6 29.Bf8 g6 30.Bg7 f5 31.f4 Be6 32.b4 Bc8 33.a4 Bb7 34.g3 Kd6
35.Be5+ Kd7 36.b5 Bc8 37.d4 c6 38.Kb4 Bb7 39.bxa6 Bxa6 40.Kc5 Bb7 41.Kb6 
Bc8 42.a5 h6 43.a6 Bxa6 44.Kxa6 Ke6 45.Kb6 Kd7 46.h4 h5 47.c5 Ke6 48.Kxc6 
1-0

[Event "Asia-ch U20 (girls)"]
[Site "Chennai IND"]
[Date "2008.12.12"]
[Round "7"]
[White "Sivasankari, P"]
[Black "Uthra, P"]
[Result "1-0"]
[WhiteElo "2089"]
[BlackElo "2114"]
[EventDate "2008.12.05"]
[PlyCount "51"]

1.d4 Nf6 2.c4 c5 3.d5 b5 4.cxb5 a6 5.bxa6 Bxa6 6.Nc3 d6 7.Nf3 g6 8.e4 Bxf1
9.Kxf1 Bg7 10.g3 O-O 11.Kg2 Nbd7 12.h3 Qa5 13.Re1 Rfb8 14.Re2 Ne8 15.Rc2 
Nc7 16.Bg5 Kf8 17.Rb1 Nb5 18.Nxb5 Rxb5 19.b3 Rab8 20.Nd2 Nb6 21.Qg4 Rb4 
22.Rd1 Nxd5 23.Nc4 Rxc4 24.bxc4 Nc3 25.Rdd2 Rb4 26.Qc8+ 1-0

[Event "Asia-ch U20 (girls)"]
[Site "Chennai IND"]
[Date "2008.12.12"]
[Round "7"]
[White "Sowmia, A"]
[Black "Divyasri, CH"]
[Result "0-1"]
[WhiteElo "1685"]
[BlackElo "2124"]
[EventDate "2008.12.05"]
[PlyCount "55"]

1.e4 e5 2.Nf3 Nc6 3.Bc4 Bc5 4.c3 Nf6 5.d4 exd4 6.e5 d5 7.Bb5 Ne4 8.cxd4 
Bb6 9.Be3 O-O 10.h3 f5 11.exf6 Qxf6 12.Nc3 Ne7 13.Nxe4 dxe4 14.Ne5 Ba5+ 
15.Ke2 Be6 16.Qc2 c6 17.Bc4 Bxc4+ 18.Qxc4+ Nd5 19.g4 Kh8 20.g5 Qf5 21.Raf1
Bc7 22.f4 exf3+ 23.Rxf3 Qe4 24.Rhf1 Rxf3 25.Rxf3 Bxe5 26.dxe5 Qxc4+ 27.Kf2
Nxe3 28.Kxe3 0-1

[Event "Asia-ch U20 (girls)"]
[Site "Chennai IND"]
[Date "2008.12.12"]
[Round "7"]
[White "Supriya, Joshi"]
[Black "Apurva, G"]
[Result "0-1"]
[WhiteElo "1771"]
[BlackElo "1909"]
[EventDate "2008.12.05"]
[PlyCount "92"]

1.e4 c5 2.Nc3 Nc6 3.f4 g6 4.Nf3 Bg7 5.Bb5 Nd4 6.O-O a6 7.Bc4 b5 8.Bd5 Rb8 
9.d3 e6 10.Bb3 Ne7 11.Nxd4 Bxd4+ 12.Kh1 d5 13.Ne2 Bg7 14.c3 Bb7 15.Bc2 O-O
16.Qe1 f5 17.e5 d4 18.cxd4 cxd4 19.Qf2 Nc6 20.Bb3 Re8 21.Bd2 h6 22.Rac1 g5
23.fxg5 hxg5 24.Qxf5 Qd7 25.Qxg5 Nxe5 26.Bf4 Nf7 27.Qg6 Rbc8 28.Rxc8 Qxc8 
29.Rc1 Qd8 30.Rc7 Re7 31.Rxe7 Qxe7 32.Nxd4 Qh4 33.Qxe6 Qxf4 34.Qxf7+ Qxf7 
35.Bxf7+ Kxf7 36.Nb3 Bxb2 37.Kg1 Bd5 38.Kf2 Bc3 39.g4 a5 40.Ke2 a4 41.Nc1 
Bb2 42.Kd2 Bxc1+ 43.Kxc1 Bxa2 44.h4 b4 45.Kb2 Bd5 46.g5 a3+ 0-1

[Event "Asia-ch U20 (girls)"]
[Site "Chennai IND"]
[Date "2008.12.12"]
[Round "7"]
[White "Taraswinee, B"]
[Black "Sushmitha, G"]
[Result "1-0"]
[WhiteElo "1819"]
[BlackElo "1558"]
[EventDate "2008.12.05"]
[PlyCount "141"]

1.g3 f5 2.Bg2 Nf6 3.Nf3 e6 4.b3 Be7 5.Bb2 O-O 6.c4 d6 7.d4 Nc6 8.d5 exd5 
9.cxd5 Nb4 10.Nc3 Qe8 11.Nd4 Bd8 12.a3 Na6 13.b4 Nb8 14.Qb3 Kh8 15.Qc2 Qg6
16.Ncb5 Na6 17.h3 Bd7 18.Nc3 Re8 19.g4 fxg4 20.Qxg6 hxg6 21.hxg4+ Kg8 22.
g5 Ng4 23.Bh3 Ne5 24.Bxd7 Nxd7 25.Ncb5 Ne5 26.Ne6 Nc4 27.Bd4 c6 28.Nxg7 
Re4 29.Ne6 cxb5 30.Rh8+ Kf7 31.Rf8+ Ke7 32.Bf6+ Kd7 33.Nxd8 Rh4 34.Rf7+ 
Kc8 35.Kd1 Rh1+ 36.Kc2 Rxa1 37.Ne6 Ra2+ 38.Kb1 b6 39.Kxa2 Nd2 40.Nd4 Nc7 
41.Be7 Nxd5 42.Bxd6 Ne4 43.Nxb5 a6 44.Rf8+ Kb7 45.Rxa8 Kxa8 46.Nc7+ Nxc7 
47.Bxc7 Kb7 48.Bf4 Nxf2 49.Kb3 Kc6 50.Kc4 Ne4 51.Kd4 Nf2 52.Ke5 Ng4+ 53.
Ke6 Kb5 54.Kf7 Ka4 55.Kxg6 Kxa3 56.Kf5 Nf2 57.g6 Kxb4 58.g7 a5 59.g8=Q a4 
60.Qd5 Nh3 61.Qd4+ Kb3 62.Qd3+ Kb4 63.Qxh3 b5 64.Bd6+ Ka5 65.Qc3+ Kb6 66.
Bb4 Kb7 67.Qc5 a3 68.Qxb5+ Kc7 69.Bxa3 Kd8 70.Qb7 Ke8 71.Qe7# 1-0

[Event "Asia-ch U20 (girls)"]
[Site "Chennai IND"]
[Date "2008.12.12"]
[Round "7"]
[White "Thilakawardana, Supeshala"]
[Black "Khushboo, M"]
[Result "1/2-1/2"]
[WhiteElo "1815"]
[BlackElo "1827"]
[EventDate "2008.12.05"]
[PlyCount "97"]

1.Nf3 d5 2.d4 Nf6 3.Bf4 e6 4.e3 b6 5.Nbd2 Bb7 6.Ne5 Bd6 7.Bg5 O-O 8.f4 Be7
9.Bxf6 Bxf6 10.Bd3 c5 11.c3 Nc6 12.O-O Ne7 13.Rf3 g6 14.Rh3 Kg7 15.g4 h6 
16.Qe1 Qc7 17.Qf2 Rh8 18.Rf1 Raf8 19.Nef3 Ng8 20.g5 Be7 21.Qg2 Bc8 22.
gxh6+ Nxh6 23.Ne5 Nf5 24.Rxh8 Rxh8 25.Bxf5 exf5 26.Qxd5 Bf6 27.Qg2 Ba6 28.
Rd1 Bb7 29.Ndf3 Bd5 30.Qd2 Bxe5 31.Nxe5 c4 32.Qe2 Qb7 33.e4 Bxe4 34.Qxc4 
Rh4 35.Qf1 f6 36.Qf2 Rh3 37.Nc4 Rf3 38.Qh4 Qc7 39.Ne5 fxe5 40.dxe5 Rd3 41.
Qf6+ Kh7 42.Rxd3 Bxd3 43.Qh4+ Kg8 44.Qg3 Qc5+ 45.Qf2 Qd5 46.Qg2 Be4 47.
Qxg6+ Kf8 48.Qf6+ Kg8 49.Qg6+ 1/2-1/2

[Event "Asia-ch U20 (girls)"]
[Site "Chennai IND"]
[Date "2008.12.13"]
[Round "8"]
[White "Apurva, G"]
[Black "Michelle, Catherina P"]
[Result "1-0"]
[WhiteElo "1909"]
[BlackElo "1713"]
[EventDate "2008.12.05"]
[PlyCount "151"]

1.e4 e5 2.Nf3 Nc6 3.Bb5 a6 4.Ba4 Nf6 5.O-O Nxe4 6.d4 b5 7.Bb3 d5 8.dxe5 
Be6 9.Nbd2 Nc5 10.c3 Bg4 11.Bc2 d4 12.Nb3 dxc3 13.Nxc5 Qxd1 14.Rxd1 Bxc5 
15.Be4 Bd7 16.bxc3 O-O-O 17.a4 b4 18.Bg5 Rde8 19.Rxd7 Kxd7 20.Rd1+ Nd4 21.
Bf5+ Kc6 22.cxd4 Be7 23.d5+ Kb6 24.Be3+ Bc5 25.Bxc5+ Kxc5 26.Rc1+ Kxd5 27.
Rxc7 g6 28.Bd7 Rb8 29.Bc6+ Kc5 30.Bb5+ Kb6 31.Rc6+ Kb7 32.Rxa6 Rhd8 33.Rd6
b3 34.Nd2 b2 35.Kf1 f6 36.f4 fxe5 37.fxe5 Kc7 38.Ke2 Rbc8 39.Rc6+ Kb7 40.
Rxc8 Rxd2+ 41.Kxd2 b1=Q 42.Re8 Qb2+ 43.Kd3 Qb3+ 44.Kd4 Qb2+ 45.Kc4 Qc2+ 
46.Kd4 Qb2+ 47.Kc5 Qc3+ 48.Kd6 Qd2+ 49.Ke7 Qxg2 50.e6 Qxh2 51.Kf7 Qf2+ 52.
Kg8 Qa2 53.Bd7 g5 54.Rf8 g4 55.Rf7 g3 56.Rg7 g2 57.Be8+ Kb6 58.Bf7 Qe2 59.
Kf8 Qe5 60.Rxg2 Qb8+ 61.Kg7 Qe5+ 62.Kxh7 Qe4+ 63.Rg6 Qh4+ 64.Kg8 Qd8+ 65.
Kg7 Qd4+ 66.Rf6 Qg4+ 67.Kf8 Qb4+ 68.e7+ Kc7 69.Re6 Kd7 70.a5 Qc5 71.a6 Kc7
72.Kg8 Qg5+ 73.Bg6 Qd5 74.e8=Q Qc4 75.Qf7+ Kb8 76.Qb7# 1-0

[Event "Asia-ch U20 (girls)"]
[Site "Chennai IND"]
[Date "2008.12.13"]
[Round "8"]
[White "Bhuvaneshwari, R"]
[Black "Taraswinee, B"]
[Result "1-0"]
[WhiteElo "1650"]
[BlackElo "1819"]
[EventDate "2008.12.05"]
[PlyCount "79"]

1.d4 Nf6 2.Nf3 g6 3.c4 c5 4.Nc3 Bg7 5.e4 cxd4 6.Nxd4 d6 7.Be2 Bd7 8.O-O 
Qb6 9.Nb3 Na6 10.Be3 Qd8 11.f4 Qc8 12.h3 O-O 13.e5 Ne8 14.Nd5 Qd8 15.exd6 
exd6 16.Nd4 Nac7 17.Nxc7 Nxc7 18.Bd3 Qh4 19.Qf3 Rab8 20.Rad1 Rfe8 21.Bf2 
Qh6 22.f5 Qg5 23.fxg6 fxg6 24.Be4 Rf8 25.Qd3 Kh8 26.Nf3 Qa5 27.Bd4 Ne6 28.
Bxg7+ Nxg7 29.Qxd6 Bf5 30.Ng5 Qxa2 31.Nf7+ Kg8 32.Nh6+ Kh8 33.Bxf5 gxf5 
34.Qd5 Nh5 35.Qd4+ Ng7 36.Nxf5 Rf7 37.Nh6 Rxf1+ 38.Rxf1 Qa6 39.Qf4 Qb6+ 
40.Kh1 1-0

[Event "Asia-ch U20 (girls)"]
[Site "Chennai IND"]
[Date "2008.12.13"]
[Round "8"]
[White "Dharani, Sree R"]
[Black "Aparajita, Gochhikar"]
[Result "1/2-1/2"]
[WhiteElo "1733"]
[BlackElo "1918"]
[EventDate "2008.12.05"]
[PlyCount "45"]

1.c4 d6 2.Nc3 Nf6 3.g3 g6 4.Bg2 Bg7 5.Nf3 O-O 6.O-O e5 7.d3 Nbd7 8.Bd2 Nc5
9.b4 Ne6 10.Rb1 Nh5 11.e4 c6 12.a4 Nc7 13.Qc1 f5 14.Bg5 Qe8 15.exf5 gxf5 
16.Bh6 Ne6 17.Bxg7 Kxg7 18.Qd2 Kh8 19.d4 e4 20.Nh4 Neg7 21.d5 Qe7 22.Rfe1 
Qf6 23.Rbd1 1/2-1/2

[Event "Asia-ch U20 (girls)"]
[Site "Chennai IND"]
[Date "2008.12.13"]
[Round "8"]
[White "Divyasri, CH"]
[Black "Harini, S"]
[Result "1/2-1/2"]
[WhiteElo "2124"]
[BlackElo "2001"]
[EventDate "2008.12.05"]
[PlyCount "116"]

1.e4 c5 2.c3 d5 3.exd5 Qxd5 4.d4 Nf6 5.Nf3 Bg4 6.Be2 e6 7.O-O Nc6 8.h3 Bh5
9.Be3 cxd4 10.cxd4 Be7 11.Nc3 Qd6 12.Qb3 O-O 13.Rfd1 Rfd8 14.a3 a6 15.Rac1
b5 16.d5 Na5 17.Qa2 exd5 18.g4 Bg6 19.g5 Ne4 20.Nxd5 Qe6 21.b4 Nc4 22.Bxc4
bxc4 23.Qxc4 Bd6 24.Nf4 Bxf4 25.Qxe6 Rxd1+ 26.Rxd1 fxe6 27.Bxf4 Rf8 28.Nd4
Rxf4 29.Nxe6 Rf5 30.h4 Be8 31.Rd8 Kf7 32.Nxg7 Kxg7 33.Rxe8 Nd2 34.Kg2 Rf4 
35.Rd8 Nb1 36.Kg3 Rc4 37.h5 Nxa3 38.h6+ Kg6 39.Rg8+ Kh5 40.f4 Nb5 41.Rg7 
Nd4 42.Rxh7 Ne2+ 43.Kf3 Nxf4 44.Rg7 Ng6 45.h7 Rh4 46.Kg3 Kxg5 47.Rxg6+ 
Kxg6 48.Kxh4 Kxh7 49.Kh5 Kg7 50.Kg5 Kf7 51.Kf5 Ke7 52.Ke5 Kd7 53.Kd5 Kc7 
54.Kc5 Kb7 55.b5 a5 56.b6 a4 57.Kb4 a3 58.Kxa3 Kxb6 1/2-1/2

[Event "Asia-ch U20 (girls)"]
[Site "Chennai IND"]
[Date "2008.12.13"]
[Round "8"]
[White "Gagare, Shalmali"]
[Black "Bhakti, Kulkarni"]
[Result "0-1"]
[WhiteElo "2110"]
[BlackElo "2163"]
[EventDate "2008.12.05"]
[PlyCount "80"]

1.c4 c6 2.d4 d5 3.Nf3 Nf6 4.e3 e6 5.Bd3 Bd6 6.O-O Nbd7 7.Nc3 O-O 8.Qc2 
dxc4 9.Bxc4 Qe7 10.e4 e5 11.d5 Nb6 12.Bb3 cxd5 13.exd5 Bg4 14.Ng5 Rac8 15.
Qd3 h6 16.Nge4 Nxe4 17.Nxe4 Bf5 18.f3 Bg6 19.Be3 f5 20.Nxd6 Qxd6 21.Qb5 
Bf7 22.Rfd1 Rc7 23.a4 Rfc8 24.a5 Nc4 25.Bxc4 Rxc4 26.Qxb7 a6 27.Qb6 Qd7 
28.d6 R4c6 29.Qb4 Bc4 30.Bb6 e4 31.fxe4 fxe4 32.b3 Bd3 33.Bc7 Rf8 34.Rac1 
Rxc1 35.Rxc1 Qf5 36.Qe1 e3 37.d7 Qxd7 38.Qg3 e2 39.Bf4 Qd4+ 40.Qf2 Rxf4 
0-1

[Event "Asia-ch U20 (girls)"]
[Site "Chennai IND"]
[Date "2008.12.13"]
[Round "8"]
[White "Janu, V"]
[Black "Thilakawardana, Supeshala"]
[Result "1-0"]
[WhiteElo "1768"]
[BlackElo "1815"]
[EventDate "2008.12.05"]
[PlyCount "125"]

1.e4 c5 2.Nc3 Nc6 3.g3 g6 4.Bg2 Bg7 5.d3 e6 6.f4 Nge7 7.Nf3 d5 8.O-O O-O 
9.Kh1 Rb8 10.e5 b5 11.d4 c4 12.Be3 a5 13.Ne2 b4 14.Neg1 Ba6 15.Re1 Qc7 16.
Nh3 Rfc8 17.Nfg5 Qb6 18.g4 h6 19.Nf3 a4 20.Nh4 Qd8 21.f5 Nxf5 22.Nxf5 gxf5
23.gxf5 exf5 24.Qh5 Ne7 25.Nf4 Rc6 26.Rg1 Rb5 27.Bf3 Bc8 28.Rg2 Ng6 29.
Nxg6 fxg6 30.Rxg6 Rxg6 31.Qxg6 Rb6 32.Qg2 Bb7 33.Rg1 Qd7 34.Bf4 Qf7 35.Bh5
Qe7 36.Qh3 Bc8 37.Bg6 Qf8 38.Bh5 Kh7 39.Bf3 Bb7 40.Rg5 b3 41.cxb3 cxb3 42.
a3 Qc8 43.Rg2 Rg6 44.Rxg6 Kxg6 45.Qg2+ Kf7 46.Bxd5+ Bxd5 47.Qxd5+ Qe6 48.
Qb7+ Qe7 49.Qxe7+ Kxe7 50.d5 Kd7 51.Kg2 Bf8 52.Bc1 h5 53.Kf3 Kc7 54.Ke2 
Kb6 55.Kd3 Kc5 56.d6 Bxd6 57.exd6 Kxd6 58.Bf4+ Kd5 59.h3 Kc5 60.Bd2 Kd5 
61.Ke3 Ke5 62.Bc3+ Ke6 63.Kf4 1-0

[Event "Asia-ch U20 (girls)"]
[Site "Chennai IND"]
[Date "2008.12.13"]
[Round "8"]
[White "Khushboo, M"]
[Black "Sowmia, A"]
[Result "1-0"]
[WhiteElo "1827"]
[BlackElo "1685"]
[EventDate "2008.12.05"]
[PlyCount "109"]

1.e4 c6 2.d4 d5 3.Nc3 dxe4 4.Nxe4 Bf5 5.Ng3 Bg6 6.h4 h6 7.Nf3 Nd7 8.h5 Bh7
9.Bf4 Ngf6 10.Bd3 Bxd3 11.Qxd3 e6 12.Ne4 Nxe4 13.Qxe4 Nf6 14.Qe2 Bd6 15.
Bxd6 Qxd6 16.c3 Nd7 17.Nd2 Nf6 18.Rh3 O-O-O 19.Rg3 Rhg8 20.Nc4 Qc7 21.Ne5 
Rdf8 22.O-O-O Qa5 23.Kb1 Qd5 24.c4 Qe4+ 25.Qxe4 Nxe4 26.Rf3 f6 27.Ng6 Re8 
28.Kc2 Nd6 29.b3 Kc7 30.Re3 Kd7 31.Rde1 Nf5 32.Re4 Nd6 33.R4e2 Nf7 34.g4 
e5 35.dxe5 Nxe5 36.Nxe5+ fxe5 37.Re4 Rgf8 38.R1e2 Rf6 39.Rd2+ Rd6 40.Rde2 
Rd4 41.Rxd4+ exd4 42.Rxe8 Kxe8 43.c5 b6 44.b4 Kd7 45.Kd3 bxc5 46.bxc5 Kc7 
47.Kxd4 Kd7 48.Ke5 Ke7 49.f4 Kd7 50.g5 Ke7 51.gxh6 gxh6 52.f5 a6 53.f6+ 
Kf7 54.Kf5 a5 55.a4 1-0

[Event "Asia-ch U20 (girls)"]
[Site "Chennai IND"]
[Date "2008.12.13"]
[Round "8"]
[White "Meenu, Rajendran"]
[Black "Mohana, Priya J"]
[Result "1/2-1/2"]
[WhiteElo "1977"]
[BlackElo "2073"]
[EventDate "2008.12.05"]
[PlyCount "62"]

1.e4 e5 2.Nf3 Nc6 3.Bc4 Bc5 4.c3 Nf6 5.d3 d6 6.O-O O-O 7.Bg5 Be6 8.Nbd2 a6
9.Re1 h6 10.Bh4 Re8 11.Bb3 g5 12.Bg3 Nh7 13.Nc4 h5 14.h4 Bg4 15.Ncd2 Qf6 
16.Kh1 gxh4 17.Bxh4 Qg6 18.Nf1 Kh8 19.Ne3 Bxe3 20.fxe3 f5 21.exf5 Qxf5 22.
e4 Qf4 23.Qd2 Bxf3 24.Qxf4 Bxg2+ 25.Kxg2 exf4 26.d4 Rf8 27.Kf3 Rae8 28.Rh1
Kg7 29.Rag1+ Kh6 30.Rg2 Ne7 31.Rhg1 Nf6 1/2-1/2

[Event "Asia-ch U20 (girls)"]
[Site "Chennai IND"]
[Date "2008.12.13"]
[Round "8"]
[White "Nadig, Kruttika"]
[Black "Gomes, Mary Ann"]
[Result "0-1"]
[WhiteElo "2387"]
[BlackElo "2298"]
[EventDate "2008.12.05"]
[PlyCount "88"]

1.e4 e6 2.d4 d5 3.Nd2 Nf6 4.e5 Nfd7 5.Bd3 c5 6.c3 Nc6 7.Ne2 cxd4 8.cxd4 f6
9.Nf4 Nxd4 10.Qh5+ Ke7 11.exf6+ Nxf6 12.Ng6+ hxg6 13.Qxh8 Kf7 14.O-O e5 
15.Nb3 Nxb3 16.axb3 Bf5 17.Bxf5 gxf5 18.Bg5 Bc5 19.Qh3 g6 20.Rac1 Bb6 21.
Rfe1 e4 22.Qc3 Qd6 23.Bxf6 Qxf6 24.Rcd1 d4 25.Qc4+ Kf8 26.Qd5 Qg7 27.Qd6+ 
Kg8 28.Qd5+ Kh7 29.g4 Rd8 30.Qe6 Qd7 31.Qf6 d3 32.gxf5 Qxf5 33.Qh4+ Kg8 
34.Rd2 Rd4 35.Re3 Bd8 36.Qh3 Qxh3 37.Rxh3 Bg5 38.Rd1 Kg7 39.Rg3 Kf6 40.Rg4
Kf5 41.f3 Bf4 42.Rxf4+ Kxf4 43.fxe4 Ke3 44.Kf1 d2 0-1

[Event "Asia-ch U20 (girls)"]
[Site "Chennai IND"]
[Date "2008.12.13"]
[Round "8"]
[White "Padmini, Rout"]
[Black "Kiran, Manisha Mohanty"]
[Result "1-0"]
[WhiteElo "2235"]
[BlackElo "2261"]
[EventDate "2008.12.05"]
[PlyCount "79"]

1.e4 c5 2.Nc3 d6 3.g3 Nc6 4.Bg2 g6 5.d3 Bg7 6.Be3 e6 7.Qd2 Qa5 8.Nh3 b5 9.
O-O b4 10.Nd1 Qc7 11.c3 bxc3 12.bxc3 Nge7 13.Bh6 O-O 14.Bxg7 Kxg7 15.Ne3 
Rb8 16.Ng4 Ng8 17.f4 f5 18.Ne3 Nf6 19.Nf2 Bd7 20.g4 Ne7 21.exf5 exf5 22.g5
Nh5 23.Nfd1 Bc6 24.Bxc6 Qxc6 25.c4 d5 26.d4 Kg8 27.Nc3 cxd4 28.Qxd4 dxc4 
29.Ned5 Nxd5 30.Nxd5 Rfe8 31.Rfe1 Qb7 32.Qxc4 Qf7 33.Rad1 Rxe1+ 34.Rxe1 
Rd8 35.Re5 h6 36.gxh6 Rb8 37.Re7 Rb1+ 38.Kf2 Rb2+ 39.Kf3 Rb4 40.Nf6+ 1-0

[Event "Asia-ch U20 (girls)"]
[Site "Chennai IND"]
[Date "2008.12.13"]
[Round "8"]
[White "Preethi, Rajkumar"]
[Black "Shristi, J Shetty"]
[Result "1/2-1/2"]
[WhiteElo "2156"]
[BlackElo "1959"]
[EventDate "2008.12.05"]
[PlyCount "68"]

1.e4 c5 2.Nf3 Nc6 3.d4 cxd4 4.Nxd4 Nf6 5.Nc3 e5 6.Ndb5 d6 7.Bg5 a6 8.Na3 
b5 9.Nd5 Be7 10.Bxf6 Bxf6 11.c3 O-O 12.Nc2 Bg5 13.Nce3 Rb8 14.a4 b4 15.Bd3
bxc3 16.bxc3 Qa5 17.O-O Be6 18.Qe2 Bxe3 19.Nxe3 Rb6 20.Bc4 Qxc3 21.Bxa6 
Ra8 22.Bc4 Nd4 23.Qd3 Qxd3 24.Bxd3 Rb4 25.a5 Nb3 26.Ra3 Rxa5 27.Rxa5 Nxa5 
28.Ra1 Nc6 29.Ra6 Bd7 30.Nd5 Rb3 31.Bc2 Rb2 32.Bd3 Rb3 33.Bc2 Rb2 34.Bd3 
Rb3 1/2-1/2